Every prospect for the 2024 NFL Draft - Statistics

General Stats
  • This quiz has been taken 77 times
    18 since last reset
  • The average score is 134 of 479
Answer Stats
Ranking Name Position College Grade Actual Draft position Team (current team) % Correct
5. Brock Bowers Tight End Georgia Early 1. 13. (R1) Las Vegas Raiders
100%
421. Bucky Williams Center Appalachian St. UDFA UDFA Los Angeles Chargers
100%
1. Caleb Williams Quarterback USC Early 1. 1. (R1) Chicago Bears
100%
3. Drake Maye Quarterback North Carolina Early 1. 3. (R1) New England Patriots
100%
253. Evan Williams Safety Oregon Late 7. 111. (R4) Green Bay Packers
100%
206. Isaiah Williams Wide Receiver Illinois Late 6. UDFA Detroit Lions
100%
115. James Williams Safety Miami (FL) Mid 4. 242. (R7) Tennessee Titans
100%
4. Joe Alt Offensive Tackle Notre Dame Early 1. 5. (R1) Los Angeles Chargers
100%
6. Malik Nabers Wide Receiver LSU Early 1. 6. (R1) New York Giants
100%
239. Marcus Harris Defensive Tackle Auburn Mid 7. 247. (R7) Houston Texans
100%
2. Marvin Harrison Jr. Wide Receiver Ohio St. Early 1. 4. (R1) Arizona Cardinals
100%
266. Miyan Williams Runningback Ohio St. UDFA UDFA -
100%
7. Rome Odunze Wide Receiver Washington Early 1. 9. (R1) Chicago Bears
100%
9. Cooper Dejean Cornerback Iowa Early 1. 40. (R2) Philadelphia Eagles
91%
11. Jayden Daniels Quarterback LSU Mid 1. 2. (R1) Washington Commanders
91%
32. Bo Nix Quarterback Oregon Late 1. 12. (R1) Denver Broncos
82%
125. Brandon Coleman Guard TCU Late 4. 67. (R3) Washington Commanders
82%
20. Brian Thomas Jr. Wide Receiver LSU Mid 1. 23. (R1) Jacksonville Jaguars
82%
21. Keon Coleman Wide Receiver Florida St. Late 1. 33. (R2) Buffalo Bills
82%
183. Myles Cole Edge Rusher Texas Tech Early 6. 236. (R7) Jacksonville Jaguars
82%
268. Nathan Thomas Offensive Tackle Louisiana-Lafayette UDFA 233. (R7) Dallas Cowboys
82%
18. Terrion Arnold Cornerback Alabama Mid 1. 24. (R1) Detroit Lions
82%
182. Xavier Thomas Edge Rusher Clemson Early 6. 138. (R5) Arizona Cardinals
82%
33. Adonai Mitchell Wide Receiver Texas Early 2. 52. (R2) Indianapolis Colts
73%
332. Alex Johnson Cornerback UCLA UDFA UDFA New York Giants
73%
377. Carlton Johnson Cornerback Fresno St. UDFA UDFA Seattle Seahawks
73%
194. Cedric Johnson Edge Rusher Ole Miss Mid 6. 214. (R6) Cincinnati Bengals
73%
298. Charles Turner III Center LSU UDFA UDFA New England Patriots
73%
175. Cornelius Johnson Wide Receiver Michigan Late 5. 253. (R7) Los Angeles Chargers
73%
10. Dallas Turner Edge Rusher Alabama Early 1. 17. (R1) Minnesota Vikings
73%
461. Deshawn McCarthy Edge Rusher East Stroudsburg St. UDFA UDFA Kansas City Chiefs (-)
73%
128. Dillon Johnson Runningback Washington Late 4. UDFA Carolina Panthers
73%
443. Isaiah Johnson Cornerback Syracuse UDFA UDFA Miami Dolphins
73%
411. Jackson Mitchell Linebacker UConn UDFA UDFA Carolina Panthers
73%
24. Jackson Powers-Johnson Center Oregon Late 1. 44. (R2) Las Vegas Raiders
73%
359. Jason Johnson Linebacker UCF UDFA UDFA Dallas Cowboys
73%
36. J.J. McCarthy Quarterback Michigan Early 2. 10. (R1) Minnesota Vikings
73%
478. Lawrence Johnson Safety Southeast Missouri St. UDFA UDFA New Orleans Saints
73%
44. Michael Penix Jr. Quarterback Washington Mid 2. 8. (R1) Atlanta Falcons
73%
8. Olumuyiwa Fashanu Offensive Tackle Penn St. Early 1. 11. (R1) New York Jets
73%
13. Quinyon Mitchell Cornerback Toledo Mid 1. 22. (R1) Philadelphia Eagles
73%
98. Theo Johnson Tight End Penn St. Late 3. 107. (R4) New York Giants
73%
409. Xavier Johnson Wide Receiver Ohio St. UDFA UDFA Buffalo Bills
73%
132. Ainias Smith Wide Receiver Texas A&M Late 4. 152. (R5) Philadelphia Eagles
64%
420. Brady Latham Guard Arkansas UDFA UDFA New York Jets
64%
19. Chop Robinson Edge Rusher Penn St. Mid 1. 21. (R1) Miami Dolphins
64%
54. Darius Robinson Edge Rusher Missouri Late 2. 27. (R1) Arizona Cardinals
64%
16. Jared Verse Edge Rusher Florida St. Mid 1. 19. (R1) Los Angeles Rams
64%
14. Jer'zhan Newton Defensive Tackle Illinois Mid 1. 36. (R2) Washington Commanders
64%
119. Josh Newton Cornerback TCU Mid 4. 149. (R5) Cincinnati Bengals
64%
329. Keilan Robinson Runningback Texas UDFA 167. (R5) Jacksonville Jaguars
64%
30. Ladd McConkey Wide Receiver Georgia Late 1. 34. (R2) Los Angeles Chargers
64%
12. Laiatu Latu Edge Rusher UCLA Mid 1. 15. (R1) Indianapolis Colts
64%
200. Layden Robinson Guard Texas A&M Mid 6. 103. (R4) New England Patriots
64%
15. LC Latham Offensive Tackle Alabama Mid 1. 7. (R1) Tennessee Titans
64%
68. Maason Smith Defensive Tackle LSU Early 3. 48. (R2) Jacksonville Jaguars
64%
23. Taliese Fuaga Offensive Tackle Oregon St. Late 1. 14. (R1) New Orleans Saints
64%
320. Tayvion Robinson Wide Receiver Kentucky UDFA UDFA Baltimore Ravens (Carolina Panthers)
64%
165. Tykee Smith Safety Georgia Late 5. 89. (R3) Tampa Bay Buccaneers
64%
31. Tyler Nubin Safety Minnesota Late 1. 47. (R2) New York Giants
64%
29. Xavier Legette Wide Receiver South Carolina Late 1. 32. (R1) Carolina Panthers
64%
42. Xavier Worthy Wide Receiver Texas Early 2. 28. (R1) Kansas City Chiefs
64%
81. Blake Corum Runningback Michigan Mid 3. 83. (R3) Los Angeles Rams
55%
28. Byron Murphy II Defensive Tackle Texas Late 1. 16. (R1) Seattle Seahawks
55%
34. Ennis Rakestraw Jr. Cornerback Missouri Early 2. 61. (R2) Detroit Lions
55%
157. Gabriel Murphy Edge Rusher UCLA Mid 5. UDFA Minnesota Vikings
55%
26. Graham Barton Guard Duke Late 1. 26. (R1) Tampa Bay Buccaneers
55%
214. Grayson Murphy Edge Rusher UCLA Late 6. UDFA Miami Dolphins
55%
73. Johnny Wilson Wide Receiver Florida St. Early 3. 185. (R6) Philadelphia Eagles
55%
17. Kool-Aid McKinstry Cornerback Alabama Mid 1. 41. (R2) New Orleans Saints
55%
304. Myles Murphy Defensive Tackle North Carolina UDFA UDFA Arizona Cardinals
55%
22. Nate Wiggins Cornerback Clemson Late 1. 30. (R1) Baltimore Ravens
55%
41. Payton Wilson Linebacker NC St. Early 2. 98. (R3) Pittsburgh Steelers
55%
79. Roman Wilson Wide Receiver Michigan Mid 3. 84. (R3) Pittsburgh Steelers
55%
39. Troy Franklin Wide Receiver Oregon Early 2. 102. (R4) Denver Broncos
55%
48. Tyler Guyton Offensive Tackle Oklahoma Mid 2. 29. (R1) Dallas Cowboys
55%
25. Amarius Mims Offensive Tackle Georgia Late 1. 18. (R1) Cincinnati Bengals
45%
370. Andre Carter Defensive Tackle Indiana UDFA UDFA Cincinnati Bengals
45%
440. Austin Jones Runningback USC UDFA UDFA Washington Commanders
45%
264. Carl Jones Linebacker UCLA UDFA UDFA Chicago Bears
45%
127. Christian Jones Offensive Tackle Texas Late 4. 162. (R5) Arizona Cardinals
45%
144. DeWayne Carter Defensive Tackle Duke Early 5. 95. (R3) Buffalo Bills
45%
222. Elijah Jones Cornerback Boston College Early 7. 90. (R3) Arizona Cardinals
45%
392. Emory Jones Quarterback Cincinnati UDFA UDFA Baltimore Ravens
45%
71. Jalen McMillan Wide Receiver Washington Early 3. 92. (R3) Tampa Bay Buccaneers
45%
50. Ja'Lynn Polk Wide Receiver Washington Mid 2. 37. (R2) New England Patriots
45%
121. Jarrian Jones Cornerback Florida St. Mid 4. 96. (R3) Jacksonville Jaguars
45%
434. John Morgan III Edge Rusher Arkansas UDFA UDFA New England Patriots (-)
45%
35. Jordan Morgan Offensive Tackle Arizona Early 2. 25. (R1) Green Bay Packers
45%
245. Matthew Jones Guard Ohio St. Late 7. UDFA Miami Dolphins
45%
413. Sheridan Jones Cornerback Clemson UDFA UDFA -
45%
400. Steven Jones Guard Oregon UDFA UDFA Jacksonville Jaguars
45%
282. Trente Jones Guard Michigan UDFA UDFA Green Bay Packers (-)
45%
27. Troy Fautanu Offensive Tackle Washington Late 1. 20. (R1) Pittsburgh Steelers
45%
90. Braelon Allen Runningback Wisconsin Late 3. 134. (R4) New York Jets
36%
53. Bralen Trice Edge Rusher Washington Late 2. 74. (R3) Atlanta Falcons
36%
116. Brenden Rice Wide Receiver USC Mid 4. 225. (R7) Los Angeles Chargers
36%
191. Brennan Jackson Edge Rusher Washington St. Mid 6. 154. (R5) Los Angeles Rams
36%
137. Bucky Irving Runningback Oregon Early 5. 125. (R4) Tampa Bay Buccaneers
36%
47. Calen Bullock Safety USC Mid 2. 78. (R3) Houston Texans
36%
380. Cam Allen Safety Purdue UDFA UDFA Denver Broncos (-)
36%
99. Cam Hart Cornerback Notre Dame Late 3. 140. (R5) Los Angeles Chargers
36%
51. Edgerrin Cooper Linebacker Texas A&M Mid 2. 45. (R2) Green Bay Packers
36%
118. Erick All Tight End Iowa Mid 4. 115. (R4) Cincinnati Bengals
36%
238. Eric Watts Edge Rusher UConn Mid 7. UDFA New York Jets
36%
122. Jaden Hicks Safety Washington St. Late 4. 133. (R4) Kansas City Chiefs
36%
135. Jared Wiley Tight End TCU Early 5. 131. (R4) Kansas City Chiefs
36%
59. Ja'Tavion Sanders Tight End Texas Late 2. 101. (R4) Carolina Panthers
36%
94. Jaylen Wright Runningback Tennessee Late 3. 120. (R4) Miami Dolphins
36%
334. Jaylon Allen Edge Rusher Memphis UDFA UDFA Denver Broncos
36%
273. Je'Quan Burton Wide Receiver FAU UDFA UDFA Miami Dolphins
36%
46. Jermaine Burton Wide Receiver Alabama Mid 2. 80. (R3) Cincinnati Bengals
36%
262. Jha'Quan Jackson Wide Receiver Tulane UDFA 182. (R6) Tennessee Titans
36%
160. Joe Milton III Quarterback Tennessee Mid 5. 193. (R6) New England Patriots
36%
89. Jonathon Brooks Runningback Texas Late 3. 46. (R2) Carolina Panthers
36%
104. Jordan Travis Quarterback Florida St. Early 4. 171. (R5) New York Jets
36%
274. Kendall Milton Runningback Georgia UDFA UDFA Philadelphia Eagles
36%
77. Khyree Jackson Cornerback Oregon Mid 3. 108. (R4) Minnesota Vikings
36%
86. Leonard Taylor III Defensive Tackle Miami (FL) Mid 3. UDFA New York Jets
36%
168. Luke McCaffrey Wide Receiver Rice Late 5. 100. (R3) Washington Commanders
36%
64. Malachi Corley Wide Receiver Western Kentucky Late 2. 65. (R3) New York Jets
36%
82. Max Melton Cornerback Rutgers Mid 3. 43. (R2) Arizona Cardinals
36%
60. McKinley Jackson Defensive Tackle Texas A&M Late 2. 97. (R3) Cincinnati Bengals
36%
136. Michael Pratt Quarterback Tulane Early 5. 245. (R7) Green Bay Packers
36%
361. Michael Wiley Runningback Arizona UDFA UDFA Washington Commanders
36%
113. Ricky Pearsall Wide Receiver Florida Mid 4. 31. (R1) San Francisco 49ers
36%
139. Roger Rosengarten Offensive Tackle Washington Early 5. 62. (R2) Baltimore Ravens
36%
463. Ryan Cooper Jr. Cornerback Oregon St. UDFA UDFA Baltimore Ravens
36%
146. Ryan Watts Cornerback Texas Early 5. 195. (R6) Pittsburgh Steelers
36%
114. Sam Hartman Quarterback Notre Dame Mid 4. UDFA Washington Commanders
36%
448. Savion Jackson Edge Rusher NC St. UDFA UDFA Los Angeles Chargers
36%
138. Sione Vaki Safety Utah Early 5. 132. (R4) Detroit Lions
36%
110. Spencer Rattler Quarterback South Carolina Early 4. 150. (R5) New Orleans Saints
36%
150. Tory Taylor Punter Iowa Mid 5. 122. (R4) Chicago Bears
36%
56. Trey Benson Runningback Florida St. Late 2. 66. (R2) Arizona Cardinals
36%
254. Trey Taylor Safety Air Force Late 7. 223. (R7) Las Vegas Raiders
36%
70. T'Vondre Sweat Defensive Tackle Texas Early 3. 38. (R2) Tennessee Titans
36%
227. Tyrone Tracy Jr. Runningback Purdue Early 7. 166. (R5) New York Giants
36%
145. Will Reichard Kicker Alabama Early 5. 203. (R6) Minnesota Vikings
36%
49. Adisa Isaac Edge Rusher Penn St. Mid 2. 93. (R3) Baltimore Ravens
27%
161. AJ Barner Tight End Michigan Late 5. 121. (R4) Seattle Seahawks
27%
83. Audric Estime Runningback Notre Dame Mid 3. 147. (R5) Denver Broncos
27%
249. Austin Reed Quarterback Western Kentucky Late 7. UDFA Chicago Bears
27%
343. Beanie Bishop Jr. Cornerback West Virginia UDFA UDFA Pittsburgh Steelers
27%
142. Beaux Limmer Center Arkansas Early 5. 217. (R6) Los Angeles Rams
27%
93. Blake Fisher Offensive Tackle Notre Dame Late 3. 59. (R2) Houston Texans
27%
321. Blake Watson Runningback Memphis UDFA UDFA Denver Broncos
27%
61. Braden Fiske Defensive Tackle Florida St. Late 2. 39. (R2) Los Angeles Rams
27%
96. Brandon Dorlus Defensive Tackle Oregon Late 3. 109. (R4) Atlanta Falcons
27%
149. Brevyn Spann-Ford Tight End Minnesota Mid 5. UDFA Dallas Cowboys
27%
100 Cade Stover Tight End Ohio St. Early 4. 123. (R4) Houston Texans
27%
250. Caedan Wallace Offensive Tackle Penn St. Late 7. 68. (R7) New England Patriots
27%
84. Caelen Carson Cornerback Wake Forest Mid 3. 174. (R5) Dallas Cowboys
27%
260. Cameron Little Kicker Arkansas UDFA 212. (R6) Jacksonville Jaguars
27%
394. Casey Washington Wide Receiver Illinois UDFA 187. (R6) Atlanta Falcons
27%
112. Cedric Gray Linebacker North Carolina Mid 4. 106. (R4) Tennessee Titans
27%
40. Chris Braswell Edge Rusher Alabama Early 2. 57. (R2) Tampa Bay Buccaneers
27%
88. Christian Haynes Guard UConn Late 3. 81. (R3) Seattle Seahawks
27%
143. Christian Mahogany Guard Boston College Early 5. 210. (R6) Detroit Lions
27%
369. Christian Roland-Wallace Cornerback USC UDFA UDFA Kansas City Chiefs
27%
300. CJ Hanson Guard Holy Cross UDFA 248. (R7) Kansas City Chiefs
27%
101. Cole Bishop Safety Utah Early 4. 60. (R2) Buffalo Bills
27%
43. Cooper Beebe Guard Kansas St. Mid 2. 73. (R3) Dallas Cowboys
27%
219. Curtis Jacobs Linebacker Penn St. Late 6. UDFA Kansas City Chiefs
27%
131. Dadrion Taylor-Demerson Safety Texas Tech Late 4. 104. (R4) Arizona Cardinals
27%
350. Davius Richard Quarterback NC Central UDFA UDFA -
27%
198. Decameron Richardson Cornerback Mississippi St. Mid 6. 112. (R4) Las Vegas Raiders
27%
244. Demani Richardson Safety Texas A&M Mid 7. UDFA Carolina Panthers
27%
297. Devaughn Vele Wide Receiver Utah UDFA 235. (R7) Denver Broncos
27%
45. Devontez Walker Wide Receiver North Carolina Mid 2. 113. (R4) Baltimore Ravens
27%
92. DJ James Cornerback Auburn Late 3. 192. (R6) Seattle Seahawks
27%
151. Dominick Puni Guard Kansas Mid 5. 86. (R3) San Francisco 49ers
27%
106. Isaac Guerendo Runningback Louisville Early 4. 129. (R4) San Francisco 49ers
27%
120. Isaiah Davis Runningback South Dakota St. Mid 4. 173. (R5) New York Jets
27%
102. Jacob Cowing Wide Receiver Arizona Early 4. 135. (R4) San Francisco 49ers
27%
351. Jacob Monk Center Duke UDFA 163. (R5) Green Bay Packers
27%
130. Jaheim Bell Tight End Florida St. Late 4. 231. (R7) New England Patriots
27%
247. Jalen Green Edge Rusher James Madison Late 7. UDFA Detroit Lions (-)
27%
163. Jamari Thrash Wide Receiver Louisville Late 5. 156. (R5) Cleveland Browns
27%
126. Javon Baker Wide Receiver UCF Late 4. 110. (R4) New England Patriots
27%
67. Javon Bullard Safety Georgia Early 3. 58. (R2) Green Bay Packers
27%
111. Javon Solomon Edge Rusher Troy Mid 4. 168. (R5) Buffalo Bills
27%
285. Jawhar Jordan Runningback Louisville UDFA 205. (R6) Houston Texans
27%
154. Jordan Jefferson Defensive Tackle LSU Mid 5. 116. (R4) Jacksonville Jaguars
27%
292. Jordan Whittington Wide Receiver Texas UDFA 213. (R6) Los Angeles Rams
27%
172. Joshua Karty Kicker Stanford Late 5. 209. (R6) Los Angeles Rams
27%
405. Josh Wallace Cornerback Michigan UDFA UDFA Los Angeles Rams
27%
166. Kalen King Cornerback Penn St. Late 5. 255. (R7) Green Bay Packers
27%
55. Kamari Lassiter Cornerback Georgia Late 2. 42. (R2) Houston Texans
27%
91. Kamren Kinchens Safety Miami (FL) Late 3. 99. (R3) Los Angeles Rams
27%
57. Kingsley Suamataia Offensive Tackle BYU Late 2. 63. (R2) Kansas City Chiefs
27%
85. Kris Abrams-Draine Cornerback Missouri Mid 3. 145. (R5) Denver Broncos
27%
37. Kris Jenkins Defensive Tackle Michigan Early 2. 49. (R2) Cincinnati Bengals
27%
107. Malik Washington Wide Receiver Virginia Early 4. 184. (R6) Miami Dolphins
27%
152. Marcus Rosemy-Jacksaint Wide Receiver Georgia Mid 5. UDFA Washington Commanders
27%
97. Marshawn Kneeland Edge Rusher Western Michigan Late 3. 56. (R2) Dallas Cowboys
27%
75. Marshawn Lloyd Runningback USC Early 3. 88. (R3) Green Bay Packers
27%
133. Matt Goncalves Offensive Tackle Pittsburgh Late 4. 79, (R3) Indianapolis Colts
27%
52. Mike Sainristil Cornerback Michigan Mid 2. 50. (R2) Washington Commanders
27%
257. Nathaniel Watson Linebacker Mississippi St. Late 7. 206. (R6) Cleveland Browns
27%
38. Patrick Paul Offensive Tackle Houston Early 2. 55. (R2) Miami Dolphins
27%
177. Ray Davis Runningback Kentucky Early 6. 128. (R4) Buffalo Bills
27%
105. Renardo Green Cornerback Florida St. Early 4. 64. (R2) San Francisco 49ers
27%
213. Tahj Washington Wide Receiver USC Late 6. 241. (R7) Miami Dolphins
27%
117. Tommy Eichenberg Linebacker Ohio St. Mid 4. 148. (R5) Los Vegas Raiders
27%
140. Trevin Wallace Linebacker Kentucky Early 5. 72. (R3) Carolina Panthers
27%
95. Tyler Davis Defensive Tackle Clemson Late 3. 196. (R6) Los Angeles Rams
27%
72. Zach Frazier Center West Virginia Early 3. 51. (R2) Pittsburgh Steelers
27%
87. Zak Zinter Guard Michigan Late 3. 85. (R3) Cleveland Browns
27%
416. Ahmarean Brown Wide Receiver South Carolina UDFA UDFA Cleveland Browns
18%
309. Andrew Coker Offensive Tackle TCU UDFA UDFA Las Vegas Raiders
18%
358. Andrew Raym Center Oklahoma UDFA UDFA Carolina Panthers
18%
173. Andru Phillips Cornerback Kentucky Late 5. 70. (R3) New York Giants
18%
203. Anthony Gould Wide Receiver Oregon St. Mid 6. 142. (R5) Indianapolis Colts
18%
176. Austin Booker Edge Rusher Kansas Early 6. 144. (R5) Chicago Bears
18%
134. Beau Brade Safety Maryland Late 4. UDFA Baltimore Ravens
18%
453. Ben Bryant Quarterback Northwestern UDFA UDFA New York Jets (-)
18%
76. Ben Sinnott Tight End Kansas St. Mid 3. 53. (R2) Washington Commanders
18%
355. Brennan Armstrong Quarterback NC St. UDFA UDFA Kansas City Chiefs (-)
18%
243. Bub Means Wide Receiver Pittsburgh Mid 7. 170. (R5) New Orleans Saints
18%
335. Carson Steele Runningback UCLA UDFA UDFA Kansas City Chiefs
18%
286. Carter Bradley Quarterback South Alabama UDFA UDFA Las Vegas Raiders
18%
199. Chau Smith-Wade Cornerback Washington St. Mid 6. 157. (R5) Carolina Panthers
18%
396. Clayton Isbell Linebacker Coastal Carolina UDFA UDFA Carolina Panthers (-)
18%
221. Cody Schrader Runningback Missouri Early 7. UDFA San Francisco 49ers
18%
339. Daijun Edwards Runningback Georgia UDFA UDFA Pittsburgh Steelers
18%
185. Dallin Holker Tight End Colorado St. Early 6. UDFA New Orleans Saints
18%
308. Dalton Tucker Guard Marshall UDFA UDFA Indianapolis Colts
18%
155. Daquan Hardy Cornerback Penn St. Mid 5. 219. (R6) Buffalo Bills
18%
336. Darius Muasau Linebacker UCLA UDFA 183. (R6) New York Giants
18%
455. Darrell Simpson Offensive Tackle Tulsa UDFA UDFA Baltimore Ravens
18%
293. David White Jr. Wide Receiver Western Carolina UDFA UDFA Jacksonville Jaguars
18%
190. Delmar Glaze Guard Maryland Early 6. 77. (R3) Las Vegas Raiders
18%
195. Devin Culp Tight End Washington Mid 6. 246. (R7) Tampa Bay Buccaneers
18%
340. Devin Leary Quarterback Kentucky UDFA 218. (R6) Baltimore Ravens
18%
246. Dominique Hampton Safety Washington Late 7. 161. (R5) Washington Commanders
18%
193. Dylan Laube Runningback New Hampshire Mid 6. 208. (R6) Las Vegas Raiders
18%
234. Dylan McMahon Center NC St. Mid 7. 190. (R6) Philadelphia Eagles
18%
267. Easton Gibbs Linebacker Wyoming UDFA UDFA Seattle Seahawks
18%
109. Edefuan Ulofoshio Linebacker Washington Early 4. 160. (R5) Buffalo Bills
18%
248. Emani Bailey Runningback TCU Late 7. UDFA Kansas City Chiefs
18%
205. Fabien Lovett Defensive Tackle Florida St. Mid 6. UDFA Kansas City Chiefs
18%
290. Frank Crum Offensive Tackle Wyoming UDFA UDFA Denver Broncos
18%
207. Frank Gore Jr. Runningback Southern Miss Late 6. UDFA Buffalo Bills
18%
228. Gabe Hall Defensive Tackle Baylor Early 7. UDFA Philadelphia Eagles
18%
330. Giovanni Manu Offensive Tackle Canada UDFA 126. (R4) Detroit Lions
18%
232. Harrison Mevis Kicker Missouri Early 7. UDFA Carolina Panthers
18%
197. Hunter Nourzad Center Penn St. Mid 6. 159. (R5) Kansas City Chiefs
18%
459. Jabari Small Runningback Tennessee UDFA UDFA Tennessee Titans
18%
425. Jack Plummer Quarterback Louisville UDFA UDFA Carolina Panthers
18%
279. Jaden Crumedy Defensive Tackle Mississippi St. UDFA 200. (R6) Carolina Panthers
18%
235. Jaden Shirden Runningback Monmouth Mid 7. UDFA Carolina Panthers (-)
18%
272. Jalen Coker Wide Receiver Holy Cross UDFA UDFA Carolina Panthers
18%
354. Jalyn Phillips Safety Clemson UDFA UDFA Los Angeles Chargers
18%
215. Jalyx Hunt Edge Rusher Houston Christian Late 6. 94. (R3) Philadelphia Eagles
18%
171. Jarvis Brownlee Jr. Cornerback Louisville Late 5. 146. (R5) Tennessee Titans
18%
338. Jase McClellan Runningback Alabama UDFA 186. (R6) Atlanta Falcons
18%
108. Javon Foster Offensive Tackle Missouri Early 4. 114. (R4) Jacksonville Jaguars
18%
170. Jaylan Ford Linebacker Texas Late 5. 175. (R5) New Orleans Saints
18%
314. Jaylen Key Safety Alabama UDFA 257. (R7) New York Jets
18%
124. Jaylin Simpson Safety Auburn Late 4. 164. (R5) Indianapolis Colts
18%
58. Jeremiah Trotter Jr. Linebacker Clemson Late 2. 155. (R5) Philadelphia Eagles
18%
327. John Rhys Plumlee Quarterback UCF UDFA UDFA Pittsburgh Steelers
18%
69. Jonah Elliss Edge Rusher Utah Early 3. 76. (R3) Denver Broncos
18%
259. Jordan Magee Linebacker Temple UDFA 139. (R5) Washington Commanders
18%
419. Jordan Miller Defensive Tackle SMU UDFA UDFA Denver Broncos
18%
65. Junior Colson Linebacker Michigan Early 3. 69. (R3) Los Angeles Chargers
18%
103. Justin Eboigbe Defensive Tackle Alabama Early 4. 105. (R4) Los Angeles Chargers
18%
303. Kalen DeLoach Linebacker Florida St. UDFA UDFA Tampa Bay Buccaneers
18%
196. Kamal Hadden Cornerback Tennessee Mid 6. 211. (R6) Kansas City Chiefs
18%
467. Keaton Ellis Safety Penn St. UDFA UDFA Tennessee Titans
18%
319. Kedon Slovis Quarterback BYU UDFA UDFA Indianapolis Colts
18%
202. Khristian Boyd Defensive Tackle Northern Iowa Mid 6. 199. (R6) New Orleans Saints
18%
179. Kimani Vidal Runningback Troy Early 6. 181. (R6) Los Angeles Chargers
18%
62. Kiran Amegadjie Offensive Tackle Yale Late 2. 75. (R3) Chicago Bears
18%
226. Kitan Oladapo Safety Oregon St. Early 7. 169. (R5) Green Bay Packers
18%
471. Levelle Bailey Linebacker Fresno St. UDFA UDFA Denver Broncos
18%
465. Lorenzo Thompson Guard Rhode Island UDFA UDFA Cleveland Browns
18%
204. Malik Mustapha Safety Wake Forest Mid 6. 124. (R4) San Francisco 49ers
18%
123. Marist Liufau Linebacker Notre Dame Late 4. 87. (R3) Dallas Cowboys
18%
147. Mason McCormick Guard South Dakota St. Early 5. 119. (R4) Pittsburgh Steelers
18%
387. Mason Tipton Wide Receiver Yale UDFA UDFA New Orleans Saints
18%
299. Matthew Hayball Punter Vanderbilt UDFA UDFA New Orleans Saints
18%
181. Michael Barrett Linebacker Michigan Early 6. 240. (R7) Carolina Panthers
18%
80. Michael Hall Jr. Defensive Tackle Ohio St. Mid 3. 54. (R2) Cleveland Browns
18%
407. Mike Edwards Guard Campbell UDFA UDFA Buffalo Bills
18%
230. M.J. Devonshire Cornerback Pittsburgh Early 7. 229. (R7) Las Vegas Raiders
18%
164. Mohamed Kamara Edge Rusher Colorado St. Late 5. 158. (R5) Miami Dolphins
18%
261. Myles Harden Cornerback South Dakota UDFA 227. (R7) Cleveland Browns
18%
148. Nehemiah Pritchett Cornerback Auburn Mid 5. 136. (R5) Seattle Seahawks
18%
287. Omar Brown Safety Nebraska UDFA UDFA Denver Broncos
18%
324. Omar Speights Linebacker LSU UDFA UDFA Los Angeles Rams
18%
384. Patrick McMorris Safety California UDFA 198. (R6) Miami Dolphins
18%
233. Qwan'tez Stiggers Cornerback Canada Mid 7. 176. (R5) New York Jets
18%
209. Rasheen Ali Runningback Marshall Late 6. 165. (R5) Baltimore Ravens
18%
66. Ruke Orhorhoro Defensive Tackle Clemson Early 3. 35. (R2) Atlanta Falcons
18%
241. Ryan Flournoy Wide Receiver Southeast Missouri St. Mid 7. 216. (R7) Dallas Cowboys
18%
431. Sam Pinckney Wide Receiver Coastal Carolina UDFA UDFA Carolina Panthers (-)
18%
162. Sataoa Laumea Guard Utah Late 5. 179. (R5) Seattle Seahawks
18%
74. Sedrick van Pran Center Georgia Early 3. 141. (R5) Buffalo Bills
18%
391. Shon Stephens Cornerback Ferris St. UDFA UDFA Philadelphia Eagles
18%
468. Spencer Rolland Offensive Tackle North Carolina UDFA UDFA Minnesota Vikings
18%
265. Tanner McLachlan Tight End Arizona UDFA 194. (R6) Cincinnati Bengals
18%
345. Tanner Mordecai Quarterback Wisconsin UDFA UDFA San Francisco 49ers
18%
180. Tanor Bortolini Center Wisconsin Early 6. 117. (R4) Indianapolis Colts
18%
307. Tarheeb Still Cornerback Maryland UDFA 137. (R5) Los Angeles Chargers
18%
312. Tatum Bethune Linebacker Florida St. UDFA 251. (R7) San Francisco 49ers
18%
305. Taulia Tagovailoa Quarterback Maryland UDFA UDFA Seattle Seahawks (Hamilton Tiger-Cats, CFL)
18%
313. Tejhuan Palmer Wide Receiver UAB UDFA 191. (R6) Arizona Cardinals
18%
220. Tip Reiman Tight End Illinois Late 6. 82. (R3) Arizona Cardinals
18%
63. TJ Tampa Cornerback Iowa St. Late 2. 130. (R4) Baltimore Ravens
18%
255. Travis Glover Offensive Tackle Georgia St. Late 7. 202. (R6) Green Bay Packers
18%
153. Tyler Owens Safety Texas Tech Mid 5. UDFA Washington Commanders
18%
156. Ty'Ron Hopper Linebacker Missouri Mid 5. 91. (R3) Green Bay Packers
18%
288. Willie Drew Cornerback Virginia St. UDFA UDFA Carolina Panthers (-)
18%
158. Will Shipley Runningback Clemson Mid 5. 127. (R4) Philadelphia Eagles
18%
275. Xavier Weaver Wide Receiver Colorado UDFA UDFA Arizona Cardinals
18%
210. Zion Tupuola-Fetui Edge Rusher Washington Late 6. UDFA -
18%
408. Aaron Casey Linebacker Indiana UDFA UDFA Cincinnati Bengals
9%
418. A.J. Woods Cornerback Pittsburgh UDFA UDFA Washington Commanders
9%
385. Akeem Dent Safety Florida St. UDFA UDFA Los Angeles Chargers
9%
451. Andre' Sam Safety LSU UDFA UDFA Philadelphia Eagles
9%
256. Anim Dankwah Offensive Tackle Howard Late 7. UDFA Philadelphia Eagles
9%
445. Anthony Goodlow Edge Rusher Oklahoma St. UDFA UDFA Los Angeles Rams
9%
224. Austin McNamara Punter Texas Tech Early 7. UDFA Cincinnati Bengals (-)
9%
352. Bayron Matos Guard Dominican Republic UDFA UDFA Miami Dolphins
9%
383. Ben Nikkel Safety Iowa St. UDFA UDFA Washington Commanders
9%
258. Bo Richter Edge Rusher Air Force UDFA UDFA Minnesota VIkings
9%
189. Braiden McGregor Edge Rusher Michigan Early 6. UDFA New York Jets
9%
371. Brandon Matterson Defensive Tackle UTSA UDFA UDFA Denver Broncos
9%
472. Brian Dooley Offensive Tackle Eastern Michigan UDFA UDFA Tennessee Titans
9%
426. Bryan Hudson Center Louisville UDFA UDFA Detroit Lions
9%
466. Bryce Oliver Wide Receiver Youngstown St. UDFA UDFA Tennessee Titans
9%
399. Cam Grandy Tight End Illinois St. UDFA UDFA Cincinnati Bengals
9%
458. Carlos Hill Wide Receiver Sacramento St. UDFA UDFA Cologne Centurions ELF
9%
403. Casey Rogers Defensive Tackle Oregon UDFA UDFA New York Giants
9%
295. Chigozie Anusiem Cornerback Colorado St. UDFA UDFA Washington Commanders
9%
476. Chris Edmonds Safety Arizona St. UDFA UDFA Cleveland Browns
9%
414. Cole Burgess Wide Receiver Courtland St. of NY UDFA UDFA Cincinnati Bengals
9%
457. Colson Yankoff Tight End UCLA UDFA UDFA Washington Commanders
9%
311. Daijahn Anthony Safety Ole Miss UDFA 224. (R7) Cincinnati Bengals
9%
237. Dallas Gant Linebacker Toledo Mid 7. UDFA Minnesota Vikings
9%
410. Darrian Dalcourt Center Alabama UDFA UDFA Baltimore Ravens
9%
439. David Ugwoegbu Edge Rusher Houston UDFA UDFA Buffalo Bills (-)
9%
281. Deantre Prince Cornerback Ole Miss UDFA 153. (R5) Jacksonville Jaguars
9%
333. Derek Slywka Safety Ithaca College UDFA UDFA Indianapolis Colts
9%
430. Dev Holmes Wide Receiver New Haven UDFA UDFA -
9%
376. Donovan Jennings Guard South Florida UDFA UDFA Green Bay Packers
9%
424. Doug Nester Guard West Virginia UDFA UDFA Minnesota Vikings
9%
218. Drake Nugent Center Michigan Late 6. UDFA San Francisco 49ers
9%
316. Dubem Okonkwo Linebacker Pittsburgh St. (KS) UDFA UDFA Philadelphia Eagles (-)
9%
141. Dwight McGlothern Cornerback Arkansas Early 5. UDFA Minnesota Vikings
9%
225. Elijah Chatman Defensive Tackle SMU Early 7. UDFA New York Giants
9%
349. Elijah Klein Guard UTEP UDFA 220. (R6) Tampa Bay Buccaneers
9%
310. Ethan Driskell Offensive Tackle Marshall UDFA UDFA Kansas City Chiefs
9%
192. Evan Anderson Defensive Tackle FAU Mid 6. UDFA San Francisco 49ers
9%
364. Eyabi Okie-Anoma Edge Rusher Charlotte UDFA UDFA Houston Roughnecks, UFL
9%
278. Garret Greenfield Offensive Tackle South Dakota St. UDFA UDFA Seattle Seahawks
9%
326. George Holani Runningback Boise St. UDFA UDFA Seattle Seahawks
9%
240. Gottlieb Ayedze Guard Maryland Mid 7. UDFA Philadelphia Eagles (-)
9%
442. Hale Motu'apuaka Defensive Tackle Utah St. UDFA UDFA -
9%
386. Isaac Rex Tight End BYU UDFA UDFA Detroit Lions (-)
9%
188. Isaiah Adams Guard Illinois Early 6. 71. (R3) Arizona Cardinals
9%
337. Jackson Sirmon Linebacker California UDFA UDFA New York Jets
9%
433. Jack Westover Tight End Washington UDFA UDFA Seattle Seahawks
9%
404. Jacoby Windmon Linebacker Michigan St. UDFA UDFA Pittsburgh Steelers
9%
344. Jadon Janke Wide Receiver South Dakota St. UDFA UDFA Houston Texans
9%
402. Jake Kubas Guard North Dakota St. UDFA UDFA New York Giants
9%
341. Jalen Sundell Guard North Dakota St. UDFA UDFA Seattle Seahawks
9%
236. Jamal Hill Linebacker Oregon Mid 7. 188. (R6) Houston Texans
9%
437. Jamree Kromah Edge Rusher James Madison UDFA UDFA Chicago Bears
9%
323. Ja'Quan Sheppard Cornerback Maryland UDFA UDFA Las Vegas Raiders
9%
301. Jarius Monroe Cornerback Tulane UDFA UDFA New York Jets
9%
331. Jarrett Kingston Guard USC UDFA 215. (R6) San Francisco 49ers
9%
167. Javion Cohen Guard Miami (FL) Late 5. UDFA Cleveland Browns
9%
223. Javontae Jean-Baptiste Edge Rusher Notre Dame Early 7. 222. (R7) Washington Commanders
9%
444. Jaxon Janke Wide Receiver South Dakota St. UDFA UDFA Houston Texans (-)
9%
252. Jaylen Harrell Edge Rusher Michigan Late 7. 252. (R7) Tennessee Titans
9%
242. Jaylon Carlies Safety Missouri Mid 7. 151. (R5) Indianapolis Colts
9%
296. JD Bertrand Linebacker Notre Dame UDFA 143. (R5) Atlanta Falcons
9%
393. Jeremy Flax Offensive Tackle Kentucky UDFA UDFA Minnesota Vikings
9%
389. Joe Andreessen Linebacker Buffalo UDFA UDFA Buffalo Bills
9%
382. John Jiles Wide Receiver West Florida UDFA UDFA New York Giants
9%
129. Johnny Dixon Cornerback Penn St. Late 4. UDFA -
9%
357. Jontrey Hunter Linebacker Georgia St. UDFA UDFA New England Patriots
9%
462. Jordan Colbert Safety Rhode Island UDFA UDFA Miami Dolphins
9%
347. Jordan Laulu Defensive Tackle Oklahoma UDFA 234. (R7) Indianapolis Colts
9%
201. Josh Proctor Safety Ohio St. Mid 6. UDFA Jacksonville Jaguars
9%
325. Joshua Cephus Wide Receiver UTSA UDFA UDFA Jacksonville Jaguars
9%
363. Josiah Ezirim Offensive Tackle Eastern Kentucky UDFA 239. (R7) New Orleans Saints
9%
375. Jowon Briggs Defensive Tackle Cincinnati UDFA 243. (R7) Cleveland Browns
9%
441. Judge Culpepper Defensive Tackle Toledo UDFA UDFA Tampa Bay Buccaneers
9%
318. Julian Pearl Offensive Tackle Illinois UDFA UDFA Baltimore Ravens
9%
302. Justin Blazek Edge Rusher Wisconsin-Platteville UDFA UDFA Cincinnati Bengals
9%
412. Justin Dedich Guard USC UDFA UDFA Los Angeles Rams
9%
276. Justin Rogers Defensive Tackle Auburn UDFA 244. (R7) Dallas Cowboys
9%
395. Karsen Barnhart Guard Michigan UDFA UDFA Los Angeles Chargers
9%
406. Keaton Bills Guard Kansas UDFA UDFA Buffalo Bills
9%
284. Keith Randolph Jr. Defensive Tackle Illinois UDFA UDFA Chicago Bears
9%
315. Keni-H Lovely Cornerback Western Michigan UDFA UDFA Buffalo Bills
9%
372. Kenny Logan Jr. Safety Kansas UDFA UDFA Los Angeles Rams
9%
429. Khalid Duke Edge Rusher Kansas St. UDFA UDFA Tennessee Titans
9%
212. Kingsley Eguakun Center Florida Late 6. UDFA Detroit Lions
9%
397. KT Leveston Guard Kansas St. UDFA 254. (R7) Los Angeles Rams
9%
216. Kyle Hergel Guard Boston College Late 6. UDFA New Orleans Saints
9%
374. Kyler Baugh Defensive Tackle Minnesota UDFA UDFA New Orleans Saints
9%
390. Kyon Barrs Defensive Tackle USC UDFA UDFA Seattle Seahawks
9%
280. LaDarius Henderson Guard Michigan UDFA 249. (R7) Houston Texans
9%
432. Larry McCammon III Runningback FAU UDFA UDFA -
9%
422. Levi Drake Rodriguez Defensive Tackle Texas A&M CC UDFA 232. (R7) Minnesota Vikings
9%
291. Lideatrick Griffin Wide Receiver Mississippi St. UDFA UDFA Las Vegas Raiders
9%
438. Lincoln Victor Wide Receiver Washington St. UDFA UDFA Denver Broncos (-)
9%
178. Logan Lee Defensive Tackle Iowa Early 6. 178. (R6) Pittsburgh Steelers
9%
360. Luke Reimer Linebacker Nebraska UDFA UDFA -
9%
388. Maema Njongmeta Linebacker Wisconsin UDFA UDFA Cincinnati Bengals
9%
317. Marcellas Dial Cornerback South Carolina UDFA 180. (R6) New England Patriots
9%
473. Marcus Banks Safety Mississippi St. UDFA UDFA Tampa Bay Buccaneers
9%
381. Mark Perry Safety TCU UDFA UDFA Miami Dolphins
9%
469. Mason Pline Tight End Furman UDFA UDFA San Francisco 49ers
9%
217. Matt Lee Center Miami (FL) Late 6. 237. (R7) Cincinnati Bengals
9%
186. McCallan Castles Tight End Tennessee Early 6. UDFA Philadelphia Eagles (-)
9%
78. Mekhi Wingo Defensive Tackle LSU Mid 3. 189. (R6) Detroit Lions
9%
269. Micah Abraham Cornerback Marshall UDFA 201. (R6) Indianapolis Colts
9%
379. Michael Hiers Quarterback Samford UDFA UDFA Tampa Bay Buccaneers (-)
9%
464. Michael Jerrell Offensive Tackle Findlay UDFA 207. (R6) Seattle Seahawks
9%
427. Michael Jurgens Center Wake Forest UDFA 230. (R7) Minnesota Vikings
9%
423. Miles Battle Cornerback Utah UDFA UDFA Kansas City Chiefs
9%
294. Millard Bradford Safety TCU UDFA UDFA New Orleans Saints
9%
446. Morice Norris Jr. Cornerback Fresno St. UDFA UDFA Detroit Lions (-)
9%
477. Myles Sims Cornerback Georgia Tech UDFA UDFA Kansas City Chiefs (-)
9%
449. Nathan Pickering Defensive Tackle Mississippi St. UDFA UDFA Seattle Seahawks
9%
169. Nelson Ceaser Edge Rusher Houston Late 5. UDFA Seattle Seahawks
9%
346. Nicario Harper Safety Illinois UDFA UDFA Indianapolis Colts (-)
9%
283. Nick Gargiulo Center South Carolina UDFA 256. (R7) Denver Broncos
9%
447. Nick Rosi Guard Toledo UDFA UDFA -
9%
328. Nick Samac Center Michigan St. UDFA 228. (R7) Baltimore Ravens
9%
470. Ovie Oghoufo Edge Rusher LSU UDFA UDFA New York Giants
9%
475. Peter Bowden Long Snapper Wisconsin UDFA UDFA Green Bay Packers (-)
9%
342. Pheldarius Payne Defensive Tackle Virginia Tech UDFA UDFA Houston Texans
9%
322. PJ Jules Safety Southern Illinois UDFA UDFA Cincinnati Bengals
9%
428. Prince Pines Guard Tulane UDFA UDFA -
9%
454. Quinton Newsome Cornerback Nebraska UDFA UDFA Denver Broncos
9%
460. Ramel Keyton Wide Receiver Tennessee UDFA UDFA Las Vegas Raiders
9%
456. Rashad Wisdom Safety UTSA UDFA UDFA Tampa Bay Buccaneers
9%
306. Richard Jibunor Edge Rusher Troy UDFA UDFA New England Patriots (-)
9%
474. Rod Gattison Cornerback Western Carolina UDFA UDFA Tennessee Titans (-)
9%
368. Ron Stone Jr. Edge Rusher Washington St. UDFA UDFA Las Vegas Raiders
9%
415. Rosé Stona Tight End Arkansas UDFA UDFA -
9%
362. Ro Torrence Cornerback Arizona St. UDFA UDFA Chicago Bears
9%
452. Russell Dandy Cornerback Eastern Illinois UDFA UDFA Chicago Bears (-)
9%
263. Ryan Rehkow Punter BYU UDFA UDFA Kansas City Chiefs (Cincinnati Bengals)
9%
398. Sanoussi Kane Safety Purdue UDFA 250. (R7) Baltimore Ravens
9%
270. Sincere Haynesworth Center Tulane UDFA UDFA New Orleans Saints
9%
356. Solomon Byrd Edge Rusher USC UDFA 238. (R7) Houston Texans
9%
184. Steele Chambers Linebacker Ohio St. Early 6. UDFA New England Patriots
9%
231. Storm Duck Cornerback Louisville Early 7. UDFA Miami Dolphins
9%
366. Sundiata Anderson Edge Rusher Grambling St. UDFA UDFA Seattle Seahawks
9%
365. Taki Taimani Defensive Tackle Oregon UDFA UDFA Minnesota Vikings
9%
289. Taylor Upshaw Edge Rusher Arizona UDFA UDFA Carolina Panthers (-)
9%
378. Thomas Harper Cornerback Notre Dame UDFA UDFA Los Angeles Chargers
9%
348. Thomas Yassmin Tight End Utah UDFA UDFA Denver Broncos
9%
277. Trajan Jeffcoat Edge Rusher Arkansas UDFA UDFA New Orleans Saints
9%
417. Travis Clayton Offensive Tackle United Kingdom UDFA 221. (R7) Buffalo Bills
9%
211. Trevor Keegan Guard Michigan Late 6. 172 (R5) Philadelphia Eagles
9%
159. Trey Knox Tight End South Carolina Mid 5. UDFA Minnesota Vikings
9%
367. Treyton Welch Tight End Wyoming UDFA UDFA Cleveland Browns
9%
353. Tuli Letuligasenoa Defensive Tackle Washington UDFA UDFA Los Angeles Rams
9%
208. Tylan Grable Offensive Tackle UCF Late 6. 204. (R6) Buffalo Bills
9%
450. Tyler Boatwright Cornerback Central Connecticut UDFA UDFA New York Jets (-)
9%
251. Tyrek Funderburk Cornerback Appalachian St. Late 7. UDFA Tampa Bay Buccaneers
9%
174. Tyrice Knight Linebacker UTEP Late 5. 118. (R4) Seattle Seahawks
9%
187. Walter Rouse Offensive Tackle Oklahoma Early 6. 177. (R6) Minnesota Vikings
9%
479. William Mote Long Snapper Georgia UDFA UDFA Kansas City Chiefs (-)
9%
435. Willis Patrick Guard TCU UDFA UDFA Los Angeles Chargers
9%
401. Winston Reid Linebacker Weber St. UDFA UDFA Cleveland Browns
9%
436. X'Zauvea Gadlin Guard Liberty UDFA UDFA Tennessee Titans (-)
9%
229. Zach Heins Tight End South Dakota St. Early 7. UDFA Los Angeles Chargers
9%
373. Zion Logue Defensive Tackle Georgia UDFA 197. (R6) Atlanta Falcons
9%
271. Zion Nelson Offensive Tackle Miami (FL) UDFA UDFA -
9%
No matching quizzes found
Score Distribution
Percent of People with Each Score
Percentile by Number Answered
Your Score History
You have not taken this quiz since the last reset